Countries that Don't Recognize Israel - Statistics

General Stats
  • This quiz has been taken 181 times
    102 since last reset
  • The average score is 22 of 31
Answer Stats
Note Country % Correct
Never Recognized Iraq
95%
Never Recognized Qatar
95%
Withdrawn Iran
94%
Never Recognized Saudi Arabia
92%
Never Recognized Yemen
92%
Never Recognized Oman
91%
Never Recognized Syria
91%
Never Recognized Lebanon
90%
Never Recognized Kuwait
87%
Never Recognized Algeria
86%
Never Recognized Libya
86%
Never Recognized Pakistan
85%
Never Recognized Afghanistan
78%
Never Recognized Indonesia
77%
Never Recognized North Korea
76%
Suspended Mali
73%
Never Recognized Somalia
73%
Never Recognized Tunisia
72%
Suspended Mauritania
71%
Never Recognized Malaysia
68%
Never Recognized Niger
68%
Never Recognized Bangladesh
67%
Never Recognized Brunei
67%
Withdrawn Cuba
67%
Suspended Venezuela
65%
Never Recognized Comoros
54%
Never Recognized Djibouti
54%
Suspended Maldives
48%
Withdrawn Bolivia
28%
Withdrawn Colombia
23%
Withdrawn Belize
14%
No matching quizzes found
Score Distribution
Percent of People with Each Score
Percentile by Number Answered
Your Score History
You have not taken this quiz since the last reset